Atlas of human histology

Gespeichert in:
Bibliographische Detailangaben
1. Verfasser: Mariano S.H Flore
Format: Buch
Sprache:Undetermined
Veröffentlicht: Philadelphia Lea and Febiger 1981
Schlagworte:
Tags: Tag hinzufügen
Keine Tags, Fügen Sie den ersten Tag hinzu!
Thư viện lưu trữ: Trung tâm Học liệu Trường Đại học Cần Thơ
LEADER 00506nam a2200181Ia 4500
001 CTU_7724
008 210402s9999 xx 000 0 und d
082 |a 611.0180222 
082 |b F551 
100 |a Mariano S.H Flore 
245 0 |a Atlas of human histology 
245 0 |c Mariano S.H Flore 
260 |a Philadelphia 
260 |b Lea and Febiger 
260 |c 1981 
650 |a histology - atlases 
904 |i Nguyễn Huỳnh Mai, 960829 
980 |a Trung tâm Học liệu Trường Đại học Cần Thơ